Logo BPK

Biblioteka

Politechniki Koszalińskiej

Reakcje chemiczne w układzie SiC(s)-O2(g) w podwyższonych temperaturach ; Podstawy wykorzystania polimorficznych przemian fazowych ortokrzemianu wapniowego w procesach technologicznych / (Rekord nr 20756)

Szczegóły MARC
000 -ETYKIETA REKORDU
podpole kontrolne o stałej długości 00680nam a2200193 i 4500
001 - NUMER KONTROLNY REKORDU
pole kontrolne bg
040 ## - ŹRÓDŁO KATALOGOWANIA
Instytucja, która utworzyła rekord BPK
041 ## - KOD JĘZYKA
Kod języka tekstu pol
008 - POLE O STAŁEJ DŁUGOŚCI - DANE KONTROLNE
podpole kontrolne o stałej długości s pl f |000 0 pol
100 1# - NAZWA OSOBOWA
Nazwa osobowa PAMPUCH, Roman
245 #0 - TYTUŁ/ODPOWIEDZIALNOŚĆ
Tytuł Reakcje chemiczne w układzie SiC(s)-O2(g) w podwyższonych temperaturach ; Podstawy wykorzystania polimorficznych przemian fazowych ortokrzemianu wapniowego w procesach technologicznych /
Pozostałe elementy strefy tytułu i oznaczenia odpowiedzialności R. Pampuch, S. Jonas, W. Ptak / A. Derdacka-Grzymek.
260 ## - STREFA ADRESU WYDAWNICZEGO
Miejsce wydania Wrocław [et al.],
Data publikacji, dystrybucji/powstania dokumentu 1981.
490 1# - STREFA SERII I DOKUMENTU WIELOCZĘŚCIOWEGO - FORMA NIE DO WYSZUKIWANIA
Tytuł i oznaczenie odpowiedzialności serii Ceramika ;
Numeracja w obrębie serii 31
700 1# - HASŁO DODATKOWE - NAZWA OSOBOWA
Nazwa osobowa JONAS, Stanisława
700 1# - HASŁO DODATKOWE - NAZWA OSOBOWA
Nazwa osobowa PTAK, Wiesław S.
700 1# - HASŁO DODATKOWE - NAZWA OSOBOWA
Nazwa osobowa DERDACKA-GRZYMEK, Anna
830 ## - HASŁO DODATKOWE SERII LUB DOKUMENTU WIELOCZĘŚCIOWEGO - TYTUŁ UJEDNOLICONY
Tytuł ujednolicony Ceramika ;
856 ## - LOKALIZACJA I DOSTĘP DO ELEKTRONICZNYCH DOKUMENTÓW ZDALNYCH
Link (URL) http://koha.tu.koszalin.pl/cgi-bin/koha/opac-detail.pl?biblionumber=20756
Tekst linku Katalog online BPK
942 ## - DODATKOWE ELEMENTY (KOHA)
Typ dokumentu Książka
Egzemplarze
Wycofany Status egzemplarza Uszkodzony Dostępność Lokalizacja stała Lokalizacja bieżąca Miejsce przechowywania Sygnatura Kod kreskowy Typ dokumentu
      Dostępny Biblioteka Politechniki Koszalińskiej Biblioteka Politechniki Koszalińskiej Wypożyczalnia BG 29204 01259155 Książka
© 2023 Biblioteka Politechniki Koszalińskiej :: KOHA